[Event "FSIMA August"]
[Site "Budapest HUN"]
[Date "2006.08.13"]
[Round "9"]
[White "Konnyu,J"]
[Black "Petran,Pa"]
[Result "0-1"]
[WhiteElo "2277"]
[BlackElo "2383"]

1.d4 Nf6 2.Bg5 d5 3.Bxf6 gxf6 4.e3 c5 5.c3 e6 6.Bd3 f5 7.Nd2 Nd7 8.Ngf3 Bg7
9.Qe2 Qc7 10.O-O O-O 11.c4 dxc4 12.Bxc4 b6 13.d5 exd5 14.Bxd5 Rb8 15.Nh4 Nf6
16.Bf3 Ng4 17.g3 Bxb2 18.Nxf5 Bxa1 19.Bxg4 Bg7 20.e4 b5 21.Ne3 Be6 22.Bf5 Rb6
23.Qh5 h6 24.Ng4 Rd8 25.Nf3 Bxa2 26.e5 Qe7 27.Ne3 Be6 28.Re1 c4 29.Bxe6 fxe6
30.Ng4 Rf8 31.Re3 b4 32.Qg6 Kh8 33.Nh4 Qg5 34.Qe4 b3 35.Ng6+ Kg8 36.h4 Qd8
37.Nxf8 Qxf8 38.Rf3 Qe8 39.Nf6+ Bxf6 40.Rxf6 b2 41.Rg6+ Kf7 42.Rf6+ Ke7 43.Qb1 c3
44.Qh7+ Kd8 45.Qd3+ Kc7 46.Qxc3+ Kb8  0-1

[Event "Open"]
[Site "Stare Mesto CZE"]
[Date "2006.08.14"]
[Round "5"]
[White "Kireev,Al"]
[Black "Hrabusa,M"]
[Result "1/2-1/2"]
[WhiteElo "2382"]
[BlackElo "2192"]

1.d4 Nf6 2.Bg5 g6 3.Bxf6 exf6 4.e3 f5 5.g3 Bg7 6.Ne2 d6 7.Bg2 O-O 8.O-O Nd7
9.c4 Nf6 10.Nbc3 c6 11.b4 Be6 12.Qd3 Rc8 13.Rab1 d5 14.c5 f4 15.Rb3 Bf5 16.Qd2 fxe3
17.fxe3 Re8 18.Nf4 Ne4 19.Nxe4 Bxe4 20.b5 Bxg2 21.Nxg2 Qe7 22.Qa5 Ra8 23.bxc6 bxc6
24.Qa6 Rac8 25.Rb7 Rc7 26.Rxc7 Qxc7 27.Rb1 Rb8 28.Rb3 Bh6 29.Kf2 Re8 30.Nf4 Bxf4
31.gxf4 Re7 32.Rb1  1/2-1/2

[Event "Open"]
[Site "Stare Mesto CZE"]
[Date "2006.08.14"]
[Round "5"]
[White "Lys,J"]
[Black "Vymetal,M"]
[Result "1-0"]
[WhiteElo "2230"]
[BlackElo "2050"]

1.d4 Nf6 2.Bg5 g6 3.c4 Bg7 4.Nc3 d6 5.e3 O-O 6.h3 Nbd7 7.Nf3 e5 8.Be2 c6
9.O-O Qc7 10.Qc2 Re8 11.Rac1 exd4 12.exd4 d5 13.cxd5 cxd5 14.Nb5 Qxc2 15.Rxc2 Re7
16.Nd6 Nb6 17.Ne5 Be6 18.f4 Rd8 19.f5 Rxd6 20.fxe6 Rdxe6 21.Bd3 h6 22.Bh4 g5
23.Bg3 Nh5 24.Bh2 Rf6 25.Bf5 Nf4 26.Bg4 Ne6 27.Rd1 Rc7 28.Rxc7 Nxc7 29.b3 Ne6
30.a4 Bf8 31.a5 Nc8 32.Nd7 Rg6 33.Bf5 Rg7 34.Be5 Nd6 35.Nf6+ Kh8 36.Bxe6 fxe6
37.Nh5 Kg8 38.Nxg7 Bxg7 39.Bxd6  1-0

[Event "August Open"]
[Site "Cambre ESP"]
[Date "2006.08.15"]
[Round "7"]
[White "Lopez Rodriguez,W"]
[Black "Larrosa Vila,Jo"]
[Result "1/2-1/2"]
[WhiteElo "2122"]
[BlackElo "2263"]

1.d4 Nf6 2.Bg5 d5 3.Bxf6 gxf6 4.e3 c5 5.Nf3 e6 6.Be2 Nc6 7.O-O Qb6 8.Nc3 cxd4
9.exd4 Bg7 10.Na4 Qc7 11.c3 b6 12.Re1 O-O 13.b3 Ne7 14.Rc1 Bb7 15.Bd3 Ng6
16.Bb1 Rac8 17.Nb2 Bh6 18.Rc2 Qd6 19.Nd2 Kg7 20.Nf1 Rg8 21.g3 Rc7 22.Qh5 Rgc8
23.Nd1 Ba6 24.Nfe3 Bxe3 25.Rxe3 f5 26.f4 Kh8 27.Qf3 Rg8 28.Kh1 Rg7 29.Nf2 Ne7
30.Nh3 Ng8 31.Re1 Nf6 32.Nf2 Rg8 33.Qd1 Ne4 34.Nxe4 fxe4 35.Rc1 f5 36.Re3 Bb5
37.Qd2 Qa3 38.c4 Rgc8 39.b4 Qa4 40.c5 a5 41.a3 axb4 42.axb4 Bc4 43.Qb2 Qb5
44.Ra3 Be2 45.Qd2 Bf3+ 46.Kg1 Rb8 47.Bc2 bxc5 48.bxc5 Qb4 49.Qe3 Qb2 50.Rc3 Ra8
51.Rb3 Qa2 52.Qc3 Qa5 53.Qxa5 Rxa5 54.Bd1  1/2-1/2

[Event "Acropolis Open"]
[Site "Athens GRE"]
[Date "2006.08.16"]
[Round "4"]
[White "Stefanopoulos,O"]
[Black "Logothetis,S"]
[Result "1/2-1/2"]
[WhiteElo "2246"]
[BlackElo "2321"]

1.d4 Nf6 2.Bg5 d5 3.Bxf6 gxf6 4.Nf3 c5 5.e3 Nc6 6.c4 dxc4 7.d5 Ne5 8.Nxe5 fxe5
9.Bxc4 Qb6 10.Qc2 Bd7 11.Nd2 Qg6 12.Qb3 Qb6 13.Qc3 Rg8 14.g3 Bg7 15.e4 Qb4
16.Qxb4 cxb4 17.Ke2 Bh6 18.f3 Rc8 19.Bd3 Bxd2 20.Kxd2 e6 21.Rac1 Ke7 22.Rxc8 Rxc8
23.dxe6 Bxe6 24.b3 Rc3 25.Rc1 Rxc1 26.Kxc1 Kd6 27.Kd2 Kc5 28.Ke3 a5 29.f4 a4
30.f5 Bd7 31.Bc4 f6 32.g4 h6 33.h4 a3 34.Bf7 Kd6 35.Kd3 Bb5+ 36.Bc4 Be8 37.Bd5 b5
38.Ke3 Ke7 39.Kf3 Kf8 40.Bb7 Kg7 41.Bd5 Bd7 42.Ke3  1/2-1/2

[Event "93rd ch-GBR"]
[Site "Swansea WLS"]
[Date "2006.08.16"]
[Round "10"]
[White "Taylor,Mart"]
[Black "Knott,S"]
[Result "1/2-1/2"]
[WhiteElo "2332"]
[BlackElo "2387"]

1.d4 Nf6 2.Bg5 c5 3.d5 d6 4.Nc3 h6 5.Bxf6 exf6 6.e4 g6 7.Bd3 Bg7 8.Nf3 a6
9.a4 Nd7 10.Nd2 Ne5 11.Be2 f5 12.exf5 Bxf5 13.O-O h5 14.Nce4 O-O 15.c3 Re8
16.Re1 Ng4 17.Ng3 Bd7 18.Nc4 Bxa4 19.Qxa4 b5 20.Qa5 bxc4 21.Qxd8 Raxd8 22.Bxc4 Rxe1+
23.Rxe1 a5 24.Re2 Nf6 25.Kf1 h4 26.Ne4 Nxe4 27.Rxe4 Rb8 28.Re2 a4 29.Rc2 Ra8
30.Bb5 a3 31.bxa3 Rxa3 32.c4 h3 33.gxh3 Rxh3 34.Kg2 Rh4 35.h3 Be5 36.Re2 Kg7
37.Rc2 f5 38.Bd7 Kf6 39.Bc8 g5 40.Bd7 g4 41.hxg4 fxg4 42.Rc1 Kg5 43.Rh1 g3
44.Rxh4 Kxh4  1/2-1/2

[Event "6th Open"]
[Site "Velika Gorica CRO"]
[Date "2006.08.19"]
[Round "1"]
[White "Brumen,D"]
[Black "Katulic,Z"]
[Result "1-0"]
[WhiteElo "2341"]
[BlackElo "1955"]

1.d4 Nf6 2.Bg5 c5 3.Bxf6 gxf6 4.d5 Qb6 5.Qc1 Bh6 6.e3 f5 7.Ne2 e5 8.Nd2 d6
9.a4 Nd7 10.Nc4 Qc7 11.Nc3 a6 12.g3 b6 13.Ra3 Rb8 14.Rb3 O-O 15.h3 Kh8 16.g4 Nf6
17.Qd1 Bd7 18.Nd2 Qc8 19.Qf3 Rg8 20.gxf5 Bxf5 21.Bxa6 Qxa6 22.Qxf5 Rg6 23.Qd3 Qc8
24.Nc4 Nd7 25.Nb5 Qf8 26.Qf5 Qe7 27.Nc3 Rg5 28.Qf3 f5 29.h4 Rg4 30.Qe2 Rbg8
31.Nxb6 Rg1+ 32.Rxg1 Rxg1+ 33.Kd2 Nf8 34.Qh5 Qf6 35.Ne2 Rg4 36.Ng3 c4 37.Rc3 Rxh4
38.Qxf5 Qd8 39.Rxc4 e4 40.Rc8 Qe7 41.Nd7 Kg8 42.Qe6+ Qf7 43.Nf5 Qxe6 44.dxe6  1-0

[Event "Open"]
[Site "Brasschaat BEL"]
[Date "2006.08.21"]
[Round "3"]
[White "Sadkowsky,D"]
[Black "Peleman,T"]
[Result "1-0"]
[WhiteElo "2304"]
[BlackElo "2074"]

1.d4 Nf6 2.Bg5 g6 3.Bxf6 exf6 4.c4 Bg7 5.Nc3 d6 6.e3 O-O 7.g3 c6 8.Bg2 Na6
9.Nge2 Nc7 10.O-O Bd7 11.b4 Qc8 12.d5 c5 13.bxc5 dxc5 14.Rb1 Ne8 15.d6 Rb8
16.Nd5 Kh8 17.Ne7 Qd8 18.Bxb7 f5 19.Qd3 Be5 20.Bg2 Rb6 21.Rxb6 Qxb6 22.Rd1 Qxd6
23.Qxd6 Bxd6 24.Nc6 a6 25.Nc3 Bxc6 26.Bxc6 Be5 27.Na4 Nf6 28.Bb7 Ne4 29.Bxa6 Nc3
30.Nxc3 Bxc3 31.Bb7 Kg7 32.Rd7 g5 33.Bd5 Kg6 34.a4 h5 35.Rb7 f4 36.gxf4 gxf4
37.exf4 Bd2 38.Kg2 Bxf4 39.a5 f6 40.a6  1-0

[Event "Canadian Closed zt"]
[Site "Toronto CAN"]
[Date "2006.08.22"]
[Round "5"]
[White "Peng,D"]
[Black "Divljan,I"]
[Result "0-1"]
[WhiteElo "2170"]
[BlackElo "2319"]

1.d4 Nf6 2.Bg5 c5 3.Bxf6 gxf6 4.d5 Qb6 5.Qc1 f5 6.g3 Bg7 7.c3 d6 8.Nd2 Nd7
9.Bg2 Nf6 10.Nh3 O-O 11.O-O Bd7 12.Qc2 Rae8 13.Rad1 Qc7 14.Nc4 b5 15.Ne3 e6
16.Rd2 Bh6 17.f4 c4 18.Rf3 Qc5 19.Kh1 Ng4 20.Nd1 e5 21.Nhf2 Nf6 22.b4 Qb6
23.fxe5 dxe5 24.e4 Bxd2 25.Qxd2 Nxe4 26.Nxe4 fxe4 27.Rf1 f5 28.d6 Re6 29.Ne3 Qxd6
30.Qe2 Qd3 31.Qf2 f4 32.gxf4 exf4 33.Rg1 Qxe3  0-1

[Event "9th Open"]
[Site "Banyoles ESP"]
[Date "2006.08.23"]
[Round "8"]
[White "Almeida,O"]
[Black "Swinkels,R"]
[Result "1-0"]
[WhiteElo "2475"]
[BlackElo "2286"]

1.d4 Nf6 2.Bg5 d5 3.Bxf6 exf6 4.e3 Be6 5.Nd2 f5 6.Bd3 Nd7 7.c4 dxc4 8.Bxc4 Nb6
9.Bxe6 fxe6 10.Ngf3 Bd6 11.O-O Qd7 12.Rc1 O-O 13.Nb3 c6 14.Nc5 Bxc5 15.Rxc5 Qe7
16.Qb3 Rad8 17.Rfc1 Rd5 18.a4 Nc8 19.Qd3 Rfd8 20.b4 Nd6 21.Qb3 Ne4 22.Rxd5 cxd5
23.g3 Nd6 24.Ne5 Qe8 25.b5 Rc8 26.Rc5 Ne4 27.Rc2 Nd6 28.Kg2 Nf7 29.Nd3 Nd6
30.Rxc8 Qxc8 31.Qb4 Qd8 32.Qc5 Nc8 33.Ne5 h6 34.a5 Kh7 35.a6 bxa6 36.bxa6 Nb6
37.h4 Qc8 38.Qb5 Nc4 39.Qc6 Qd8 40.Qxe6 Nxe5 41.Qxf5+ Kh8 42.Qxe5 Qb6 43.Qxd5 Qxa6
44.e4 Qe2 45.e5 a5 46.Qc6 a4 47.Qxa4 Qe4+ 48.Kh2 Kh7 49.Qd1 g6 50.Qd2 h5
51.Qe3 Qb7 52.e6 Qe7 53.d5  1-0

[Event "Canadian Closed zt"]
[Site "Toronto CAN"]
[Date "2006.08.23"]
[Round "6"]
[White "Dougherty,M"]
[Black "Haessel,D"]
[Result "0-1"]
[WhiteElo "2186"]
[BlackElo "2195"]

1.d4 Nf6 2.Bg5 g6 3.Nc3 d5 4.Bxf6 exf6 5.e3 c6 6.Bd3 Nd7 7.h4 h5 8.e4 dxe4
9.Nxe4 Be7 10.Nf3 Nb6 11.c3 Bg4 12.Be2 O-O 13.Qd3 Qd5 14.O-O Rfe8 15.Rfe1 Rad8
16.a4 a5 17.b4 axb4 18.cxb4 Bf5 19.Bd1 Kg7 20.Bb3 Qd7 21.Qd2 Bg4 22.Nc5 Qc7
23.Nh2 Bf5 24.Nf1 Bc8 25.Re2 Nd5 26.Bxd5 Rxd5 27.Ne3 Rdd8 28.a5 Qf4 29.Rd1 Qxh4
30.g3 Qh3 31.Qe1 Bd6 32.Rd3 h4 33.Nf1 Rxe2 34.Qxe2 hxg3 35.fxg3 Bxc5 36.bxc5 Be6
37.Qh2 Qf5 38.Rd2 Rh8 39.Qf2 Qh5 40.Qh2 Qxh2+ 41.Nxh2 Ra8 42.Nf1 Rxa5 43.Ne3 Ra2  0-1

[Event "6th Open"]
[Site "Velika Gorica CRO"]
[Date "2006.08.24"]
[Round "7"]
[White "Cosic,R"]
[Black "Frank,V"]
[Result "0-1"]
[WhiteElo "2220"]
[BlackElo "2254"]

1.d4 Nf6 2.Bg5 c5 3.d5 Qb6 4.b3 h6 5.Bc1 e6 6.dxe6 dxe6 7.Bb2 Be7 8.e3 O-O
9.Bd3 Rd8 10.Qe2 Nc6 11.a3 Qc7 12.Nf3 b6 13.Nbd2 Bb7 14.O-O a6 15.c4 Rd7
16.Rad1 Rad8 17.Bc2 Ng4 18.h3 Rxd2 19.Rxd2 Nd4 20.exd4 Bxf3 21.hxg4 Bxe2
22.Rxe2 cxd4 23.Bd3 Qf4 24.Bc1 Qxg4 25.Re4 Qh5 26.Bf4 Bd6 27.Rxd4 e5 28.Rd5 Bc7
29.Rxd8+ Bxd8 30.Re1 f6 31.Be3 a5 32.b4 axb4 33.axb4 f5 34.g3 f4 35.gxf4 Qg4+
36.Kf1 exf4 37.Bxf4 Qh3+ 38.Ke2 Be7 39.Bd2 h5 40.Rg1 Qe6+ 41.Kd1 Qf6 42.Ke2 Qe5+
43.Be3 h4  0-1

[Event "XXVI Open A"]
[Site "Bratto ITA"]
[Date "2006.08.25"]
[Round "7"]
[White "Drazic,S"]
[Black "Voltolini,G"]
[Result "1/2-1/2"]
[WhiteElo "2514"]
[BlackElo "2216"]

1.d4 Nf6 2.Bg5 d5 3.e3 e6 4.Nd2 Be7 5.Bd3 b6 6.c3 Bb7 7.f4 Nbd7 8.Qf3 h6
9.Bxf6 Bxf6 10.Ne2 c5 11.O-O h5 12.e4 cxd4 13.e5 Be7 14.cxd4 g6 15.Rf2 a6
16.a4 Bb4 17.Nf1 Qe7 18.Rc1 Kd8 19.Nc3 Nb8 20.Rfc2 Nc6 21.Ne2 Na5 22.g3 Nb3
23.Rd1 Na5 24.Ne3 Rc8 25.Nc3 Nb3 26.Bf1 Kd7 27.Bxa6 Bxa6 28.Ncxd5 exd5 29.Qxd5+ Bd6
30.Qxb3 Rxc2 31.Nxc2 Bc7 32.Nb4 Bb7 33.Nd5 Bxd5 34.Qxd5+ Ke8 35.Rc1 h4 36.Kg2 hxg3
37.hxg3 Qd7 38.Qb7 Qxd4 39.Rxc7 Qd2+ 40.Kf3 Qd3+ 41.Kg4 Qf5+ 42.Kf3 Qd3+  1/2-1/2

[Event "XXVI Open A"]
[Site "Bratto ITA"]
[Date "2006.08.25"]
[Round "7"]
[White "Cebalo,M"]
[Black "Groszpeter,A"]
[Result "1/2-1/2"]
[WhiteElo "2505"]
[BlackElo "2511"]

1.d4 Nf6 2.Bg5 d5 3.e3 Nbd7 4.Bd3 e5 5.dxe5 Nxe5 6.Nf3 Bd6 7.Nc3 c6 8.Nxe5 Bxe5
9.Qd2 Qa5 10.f3 O-O 11.O-O Re8 12.a3 h6 13.Bh4 d4 14.exd4 Bxd4+ 15.Bf2 Bxf2+  1/2-1/2

[Event "VIII Open"]
[Site "Sants ESP"]
[Date "2006.08.25"]
[Round "1"]
[White "Moskalenko,V"]
[Black "Vinas Serrano,J"]
[Result "1-0"]
[WhiteElo "2543"]
[BlackElo "2040"]

1.d4 Nf6 2.Bg5 d5 3.Nc3 e6 4.e4 dxe4 5.Nxe4 Be7 6.Bxf6 Bxf6 7.Nf3 O-O 8.Qe2 b6
9.Nxf6+ Qxf6 10.Qe4 c6 11.Bd3 g6 12.Ne5 Bb7 13.h4 Qg7 14.h5 f5 15.Qe3 Nd7
16.hxg6 hxg6 17.Nxd7 Qxd7 18.Qe5 Qg7 19.Qxe6+ Rf7 20.Bc4 Rd8 21.Qxf7+ Qxf7
22.Bxf7+  1-0

[Event "3rd Dato Arthur Tan"]
[Site "Kuala Lumpur MAS"]
[Date "2006.08.26"]
[Round "10"]
[White "Rogers,I"]
[Black "Bitoon,R"]
[Result "0-1"]
[WhiteElo "2548"]
[BlackElo "2433"]

1.d4 Nf6 2.Bg5 d5 3.Bxf6 exf6 4.e3 Bd6 5.c4 dxc4 6.Bxc4 O-O 7.Nc3 c6 8.Nf3 Nd7
9.O-O f5 10.Re1 Nf6 11.Ne5 Qe7 12.f4 g6 13.h3 Kg7 14.Qc2 Bd7 15.Rad1 Rad8
16.a3 Bc8 17.Ba2 Bc7 18.Kh2 Ne4 19.Bb1 f6 20.Nd3 Rfe8 21.b4 Bb8 22.Kg1 h5
23.Nf2 Ng3 24.Qc1 h4 25.Qd2 a5 26.Na4 axb4 27.axb4 Bd6 28.Nd3 Be6 29.Ndc5 Bd5
30.Nb6 Bf7 31.Nba4 Rb8 32.Rc1 b6 33.Nd3 Bb3 34.Bc2 Bd5 35.Rb1 Ba2 36.Ra1 Bc4
37.Nab2 Ne4 38.Qc1 Bd5 39.Na4 Bc4 40.Nab2 Bd5 41.Na4 Rec8 42.Qa3 Kh6 43.Bb3 Bxb3
44.Qxb3 c5 45.bxc5 bxc5 46.Qc4 cxd4 47.Qxd4 Bb4 48.Nxb4 Rxb4 49.Qd5 Rd8 50.Qc6 Rbb8
51.Nb6 Rd6 52.Nc8 Rxc6 53.Nxe7 Rc7 54.Nd5 Rc5 55.Rad1 Rc2 56.Kh2 Nd2 57.Nxf6 Nf3+
58.Kh1 Nxe1 59.Rxe1 Rbb2 60.Rg1 Re2 61.Nd5 Rbd2 62.Nb6 Rd3 63.Nc4 Rc3 64.Ne5 Rcxe3
65.Kh2 Rf2 66.Nf7+ Kg7 67.Ng5 Rxf4 68.Ra1 Re7 69.Ra6 Rb4 70.Ne6+ Kh6 71.Nf8 Rg7
72.Rc6 Re4 73.Ne6 Rf7 74.Nd8 Rfe7 75.Rc3 Re1 76.Rc6 Rd7 77.Re6 Rc1 78.Re8 Rdd1  0-1

[Event "TCh-Serbia"]
[Site "Zlatibor SCG"]
[Date "2006.08.26"]
[Round "1"]
[White "Miladinovic,I"]
[Black "Maksimenko,A"]
[Result "0-1"]
[WhiteElo "2584"]
[BlackElo "2499"]

1.d4 Nf6 2.Bg5 d5 3.e3 Nbd7 4.Nf3 c5 5.dxc5 Qa5+ 6.c3 Qxc5 7.Nbd2 g6 8.Nb3 Qb6
9.Qd4 Bg7 10.Qxb6 Nxb6 11.a4 Ne4 12.Bf4 Nc4 13.Bxc4 dxc4 14.Nbd2 Nxd2 15.Nxd2 e5
16.Bg3 Be6 17.Ne4 Bd5 18.Nd6+ Ke7 19.e4 Rhd8 20.O-O-O Rxd6 21.exd5 Rad8 22.Rde1 Rxd5
23.Re4 Rc8 24.Rhe1 f5 25.Rh4 h5 26.f3 Kf7 27.Kc2 Bf6 28.Rh3 Rcd8 29.Re2 Bg5
30.Kb1 Rd1+ 31.Ka2 Rf1 32.Bxe5 Rdd1 33.b4 Ra1+ 34.Kb2 Rxa4 35.f4 Rfa1  0-1

[Event "Universities"]
[Site "Istanbul TUR"]
[Date "2006.08.30"]
[Round "1"]
[White "Esen,B"]
[Black "Dogan,A"]
[Result "1-0"]
[WhiteElo "2459"]
[BlackElo "1902"]

1.d4 Nf6 2.Bg5 d5 3.Nc3 Bf5 4.f3 Nbd7 5.Nxd5 Nxd5 6.e4 Bxe4 7.fxe4 N5b6 8.Nf3 g6
9.Qd2 Bg7 10.O-O-O O-O 11.h4 h5 12.Kb1 c5 13.c3 c4 14.g4 hxg4 15.h5 gxf3
16.Qh2 Nf6 17.hxg6 fxg6 18.Bh3 Kf7 19.d5 Nfd7 20.Be6+ Ke8 21.Qh7 Ne5 22.Qxg7  1-0

[Event "3rd Open"]
[Site "Kalamaria GRE"]
[Date "2006.08.31"]
[Round "2"]
[White "Giakoustidis,S"]
[Black "Stanojoski,Z"]
[Result "0-1"]
[WhiteElo "1957"]
[BlackElo "2481"]

1.d4 Nf6 2.Bg5 c5 3.Bxf6 gxf6 4.dxc5 Qa5+ 5.Nd2 Qxc5 6.Ngf3 Nc6 7.c3 d6 8.g3 f5
9.Nb3 Qb6 10.e3 Bd7 11.Bg2 a5 12.Qc2 e6 13.O-O Be7 14.Nbd4 a4 15.Rfe1 Nxd4
16.Nxd4 d5 17.a3 Bf6 18.Rad1 O-O 19.Kh1 Kh8 20.f3 Rac8 21.Qb1 Rc4 22.Bf1 Rc7
23.Bd3 Rg8 24.f4 h5 25.Nf3 h4 26.Kg2 Rcc8 27.Kf2 Rg7 28.Rg1 Rcg8 29.Qc1 Rh7
30.Rg2 d4 31.cxd4 Bc6 32.Rdg1 h3  0-1

[Event "5th Kesarovski - Georgiev Mem"]
[Site "Sunny Beach BUL"]
[Date "2006.09.03"]
[Round "2"]
[White "Arnaudov,P"]
[Black "Badev,K"]
[Result "0-1"]
[WhiteElo "2189"]
[BlackElo "2340"]

1.d4 Nf6 2.Bg5 c5 3.Bxf6 exf6 4.d5 d6 5.g3 g6 6.Bg2 Bg7 7.Nf3 f5 8.c3 b5
9.O-O O-O 10.Nfd2 Nd7 11.a4 bxa4 12.Rxa4 Nb6 13.Ra2 c4 14.Na3 Qc7 15.Nc2 Bb7
16.Nb4 a5 17.Nc6 Bxc6 18.dxc6 d5 19.Nf3 Qxc6 20.Nd4 Qc5 21.Nc2 Rfd8 22.e3 Nc8
23.Qf3 Ne7 24.Rd1 Rab8 25.Nd4 Qc7 26.Qe2 Rb7 27.Rd2 Rdb8 28.Qd1 Bxd4 29.exd4 Rb5
30.Re2 Nc6 31.Qa4 Qd6 32.Qa3 Qxa3 33.Rxa3 Kf8 34.Kf1 Re8 35.Ra2 Rxe2 36.Kxe2 Ke7
37.Kd2 Kd6 38.Kc1 Rb8 39.Ra1 Re8 40.Kd2 Re6 41.Ra3 Re8 42.Ra1 h5 43.h4 Ra8
44.Bf3 Ne7 45.Bd1 Ng8 46.b4 cxb3 47.Bxb3 Nf6 48.f3 Nd7 49.c4 dxc4 50.Bxc4 Ke7
51.Re1+ Kf6 52.Rb1 Rb8 53.Ra1 Nb6 54.Kd3 a4 55.Rb1 Nd7 56.Rxb8 Nxb8 57.Bb5 a3
58.Kc3 f4 59.g4 hxg4 60.fxg4 f3 61.Kb3 f2 62.Kxa3 Nc6 63.d5 Nd4 64.Bd3 Ke5
65.h5 gxh5 66.gxh5 Nf5 67.Kb3 Kxd5 68.Kc3 Ke5 69.Kd2 Ng3 70.h6 Kf6  0-1

[Event "5th Kesarovski - Georgiev Mem"]
[Site "Sunny Beach BUL"]
[Date "2006.09.05"]
[Round "4"]
[White "Arnaudov,P"]
[Black "Petrov,Marij"]
[Result "1/2-1/2"]
[WhiteElo "2189"]
[BlackElo "2430"]

1.d4 Nf6 2.Bg5 d5 3.Bxf6 exf6 4.e3 Bf5 5.Bd3 Qd7 6.Ne2 Nc6 7.c3 Bd6 8.Ng3 Bg6
9.Qc2 Ne7 10.Nd2 O-O 11.O-O Rfe8 12.Rfe1 Bxd3 13.Qxd3 f5 14.Nf3 a5 15.a4 g6
16.Ne2 c6 17.Nf4 Nc8 18.Qd2 Bc7 19.Nd3 Nd6 20.b3 Qe7 21.Qc2 Ne4 22.c4 Rad8
23.Rac1 h5 24.cxd5 Rxd5 25.Nf4 Rd7 26.h4 Nf6 27.g3 Kg7 28.Kg2 Bd6 29.Red1 Ba3
30.Ra1 Bd6 31.Rac1 Ng4 32.Re1 Bb4 33.Re2 Qd6 34.Qc4 Re4 35.Nd3 Ba3  1/2-1/2

[Event "USCL"]
[Site "ICC INT"]
[Date "2006.09.06"]
[Round "2"]
[White "Hoekstra,M"]
[Black "Tangborn,E"]
[Result "0-1"]
[WhiteElo "2363"]
[BlackElo "2455"]

1.d4 Nf6 2.Bg5 c5 3.Bxf6 exf6 4.d5 f5 5.e3 d6 6.g3 g6 7.Bg2 Bg7 8.c3 Nd7
9.Ne2 Ne5 10.Nf4 Bd7 11.O-O b5 12.Nd2 O-O 13.Rc1 a5 14.h4 Re8 15.a3 Qb6 16.b4 axb4
17.axb4 c4 18.Ra1 Ng4 19.Rxa8 Rxa8 20.Ne2 Ra2 21.Nd4 Qa6 22.N2f3 Qa3 23.Qe1 Qb2
24.Bh3 Nf6 25.Ng5 h6 26.Ngf3 Ne4 27.h5 Nxc3 28.hxg6 fxg6 29.Ne6 Ne4 30.Nxg7 Kxg7
31.Kg2 g5 32.Bxf5 Bxf5 33.Nd4 Bd7  0-1

[Event "ch-EU"]
[Site "Liverpool ENG"]
[Date "2006.09.07"]
[Round "2"]
[White "Karttunen,M"]
[Black "Armstrong,M"]
[Result "1-0"]
[WhiteElo "2422"]
[BlackElo "2111"]

1.d4 Nf6 2.Bg5 d5 3.Bxf6 exf6 4.e3 Be6 5.Nd2 c5 6.c3 Nc6 7.dxc5 Bxc5 8.Nb3 Bb6
9.Nf3 O-O 10.Be2 f5 11.O-O Qf6 12.Qd2 Rac8 13.Rfd1 Rfd8 14.g3 Ne7 15.Bf1 g6
16.Nbd4 a6 17.Qc2 Rc7 18.Qb3 Nc8 19.Nxe6 fxe6 20.c4 d4 21.exd4 Bxd4 22.Rxd4 Rxd4
23.Nxd4 Qxd4 24.Rd1 Qe5 25.Bg2 Nd6 26.Qb4 Rc5 27.Bd5 Rc7 28.Bxe6+ Qxe6 29.Rxd6 Qxc4
30.Rd8+ Kf7 31.Qf8+ Ke6 32.Rd6+ Ke5 33.Qf6+ Ke4 34.Re6+ Kd3 35.Re3+ Kd2 36.Qd6+  1-0

[Event "FSGM September"]
[Site "Budapest HUN"]
[Date "2006.09.09"]
[Round "8"]
[White "Kosic,D"]
[Black "Wittmann,W"]
[Result "1/2-1/2"]
[WhiteElo "2506"]
[BlackElo "2361"]

1.d4 Nf6 2.Bg5 d5 3.e3 c5 4.c3 Qb6 5.Qb3 c4 6.Qxb6 axb6 7.Nd2 b5 8.a3 Bf5
9.Bxf6 gxf6 10.Ne2 e5 11.Rc1 Nc6 12.dxe5 fxe5 13.e4 dxe4 14.Ng3 Bg6 15.Ndxe4 f5
16.Nf6+ Kf7 17.Nd5 f4 18.Nc7 fxg3 19.hxg3 Rc8 20.Nxb5 Na5 21.Rd1 Be7 22.Nd6+ Bxd6
23.Rxd6 Rhd8 24.Rb6 Rc5 25.Be2 Rd7 26.Rh4 Rdc7 27.Bf3 Kg7 28.Rg4 Kf8 29.Rh4 Nc6
30.Ke2 Nd8 31.Ke3 Kg7 32.Rg4 Kf8 33.Rh4 Kg7  1/2-1/2

[Event "3rd LGA Premium Cup"]
[Site "Nuernberg GER"]
[Date "2006.09.09"]
[Round "4"]
[White "Buhmann,R"]
[Black "Poldauf,D"]
[Result "1-0"]
[WhiteElo "2532"]
[BlackElo "2433"]

1.d4 Nf6 2.Bg5 g6 3.Bxf6 exf6 4.e3 Bg7 5.g3 O-O 6.Bg2 f5 7.Ne2 d6 8.O-O Nd7
9.c4 Nf6 10.Nbc3 h5 11.b4 h4 12.a4 hxg3 13.hxg3 Ng4 14.a5 Qg5 15.Re1 Qh6
16.Qd3 c6 17.b5 Re8 18.a6 Qh2+ 19.Kf1 Bh6 20.Ng1 Rb8 21.Re2 cxb5 22.Nxb5 bxa6
23.Nf3 Qh5 24.Nxd6 Rd8 25.Nxc8 Rdxc8 26.c5 Bf8 27.Rc2 a5 28.Ke2 Qh8 29.Rxa5 Rb1
30.Rxa7 Qf6 31.Ne5 Nxe5 32.dxe5 Qxe5 33.Qd7 Qe6 34.Qxe6 fxe6 35.c6 Bd6 36.Rd7 Bf8
37.e4 Rbb8 38.c7  1-0

[Event "EU-chB18"]
[Site "Herceg Novi MNE"]
[Date "2006.09.11"]
[Round "2"]
[White "Fowler,S"]
[Black "Llorente Zaro,A"]
[Result "0-1"]
[WhiteElo "2181"]
[BlackElo "2367"]

1.d4 Nf6 2.Bg5 c5 3.Bxf6 gxf6 4.d5 Qb6 5.Qc1 f5 6.c4 Bg7 7.Nc3 d6 8.e3 Nd7
9.Qc2 Ne5 10.h3 Bf6 11.f4 Ng6 12.Bd3 e5 13.dxe6 fxe6 14.g4 Ne7 15.Nf3 Bd7
16.e4 Bc6 17.O-O-O Qa5 18.e5 Bxf3 19.exf6 Nc6 20.gxf5 e5 21.Be4 Nd4 22.Rxd4 cxd4
23.Bxf3 dxc3 24.Qxc3 Qxc3+ 25.bxc3 Kf7 26.fxe5 dxe5 27.Bxb7 Rab8 28.Bd5+ Kxf6
29.Be6 Rhd8 30.Kc2 Rb6 31.c5 Rc6 32.Rb1 Rxc5 33.Rb7 e4 34.Rxh7 e3 35.Rf7+ Ke5
36.Re7 Kf4 37.f6 Re5 38.Bg4 Rxe7 39.fxe7 Re8 40.Kb3 Rxe7 41.Be2 Rd7 42.a4 Rd2
43.Bc4 Ke5 44.Kb4 Kd6  0-1

[Event "ch-EU"]
[Site "Liverpool ENG"]
[Date "2006.09.11"]
[Round "6"]
[White "Karttunen,M"]
[Black "McShane,L"]
[Result "0-1"]
[WhiteElo "2422"]
[BlackElo "2614"]

1.d4 Nf6 2.Bg5 c5 3.Nc3 cxd4 4.Qxd4 Nc6 5.Qh4 e6 6.O-O-O Be7 7.e4 Qa5 8.f4 d6
9.Nf3 Bd7 10.Qe1 Rc8 11.Kb1 a6 12.e5 dxe5 13.fxe5 Nd5 14.Nxd5 Qxe1 15.Nxe1 Bxg5
16.Nb6 Rd8 17.Nf3 Bf4 18.Nc4 Ke7 19.g3 Bc8 20.Bd3 Bh6 21.Be4 Nb8 22.Nb6 Nc6
23.Nc4 Rd7 24.Rd6 Rc7 25.Rhd1 Nb8 26.Na5 Nd7 27.R6d3 g6 28.Rb3 Nc5 29.Rc3 Rd8
30.Rc1 Rcd7 31.Bd3 Nxd3 32.cxd3 Rxd3 33.Kc2 Rxc3+ 34.bxc3 Bd7 35.Nd4 Ba4+
36.Kd3 b6 37.Nb7 Rb8 38.Nd6 Bg7 39.Nc4 Bd7 40.Rb1 b5 41.Na5 Rc8 42.Re1 Rc5
43.Nf3 f6 44.exf6+ Bxf6 45.Nd4 Rd5 46.Nc6+ Kf7 47.Nb4 Rd6 48.Ke3 e5 49.Nf3 Bf5
50.h3 a5 51.g4 axb4 52.gxf5 gxf5 53.cxb4 e4  0-1

[Event "FSGM September"]
[Site "Budapest HUN"]
[Date "2006.09.12"]
[Round "11"]
[White "Haznedaroglu,K"]
[Black "Pedersen,Nic"]
[Result "1/2-1/2"]
[WhiteElo "2454"]
[BlackElo "2513"]

1.d4 Nf6 2.Bg5 c5 3.d5 Ne4 4.h4 Qb6 5.Nd2 Nxg5 6.hxg5 Qxb2 7.g6 Qf6 8.gxf7+ Qxf7
9.e4 e5 10.Be2 d6 11.Bg4 Bxg4 12.Qxg4 Nd7 13.Rb1 Rb8 14.a4 Be7 15.Ngf3 Kd8
16.Nc4 Kc7 17.Nfd2 Qg6 18.Qh3 Rhf8 19.O-O Rf4 20.Qc3 b6  1/2-1/2

[Event "ch-EU"]
[Site "Liverpool ENG"]
[Date "2006.09.13"]
[Round "8"]
[White "Rudd,J"]
[Black "Wilson,A"]
[Result "1-0"]
[WhiteElo "2328"]
[BlackElo "2090"]

1.d4 Nf6 2.Bg5 d5 3.Nd2 Nbd7 4.Ngf3 g6 5.e3 Bg7 6.Bd3 c5 7.c3 O-O 8.O-O Re8
9.e4 dxe4 10.Nxe4 cxd4 11.Nxd4 Nxe4 12.Bxe4 Nc5 13.Bf3 h6 14.Be3 e5 15.Nb5 Nd3
16.Be4 Bf5 17.Bxb7 Rb8 18.Bc6 Re6 19.Nxa7 Rd6 20.b3 Nb4 21.cxb4 Rxd1 22.Rfxd1 Qh4
23.b5 e4 24.Rac1 Be5 25.g3 Qg4 26.Rd5 f6 27.Rcd1 Qf3 28.Bd7 h5 29.Nc6 Rxb5
30.Bxf5 gxf5 31.Rd8+  1-0

[Event "EU-chB18"]
[Site "Herceg Novi MNE"]
[Date "2006.09.14"]
[Round "5"]
[White "Figura,A"]
[Black "Mijovic,S"]
[Result "1-0"]
[WhiteElo "2353"]
[BlackElo "2167"]

1.d4 d5 2.Bg5 Nf6 3.Bxf6 exf6 4.e3 Bd6 5.Nd2 O-O 6.Ne2 c6 7.g3 Be6 8.Bg2 Qd7
9.O-O Bh3 10.Rc1 Bxg2 11.Kxg2 Na6 12.c4 Nc7 13.c5 Be7 14.Nc3 Ne6 15.h4 b5
16.b4 f5 17.Nf3 Bf6 18.a4 a6 19.Ra1 h6 20.Rh1 g6 21.Ra2 Bg7 22.Qa1 Qc8 23.Ne2 f6
24.Qb1 Nc7 25.Nf4 Kf7 26.Qc2 Qd7 27.Rha1 Rfb8 28.Qe2 Qc8 29.Nd2 Ne6 30.Nxe6 Kxe6
31.h5 g5 32.g4 fxg4 33.e4 Kf7 34.exd5 cxd5 35.axb5  1-0

[Event "EU-chB18"]
[Site "Herceg Novi MNE"]
[Date "2006.09.14"]
[Round "5"]
[White "Basaraba,N"]
[Black "Reppen,S"]
[Result "1-0"]
[WhiteElo "2173"]
[BlackElo "2071"]

1.d4 d5 2.Bg5 Nf6 3.Nd2 e6 4.e3 Be7 5.Bd3 Nbd7 6.Ngf3 h6 7.Bh4 b6 8.O-O O-O
9.Qe2 Bb7 10.c3 Ne4 11.Bxe7 Qxe7 12.Ne5 Nxe5 13.dxe5 Nc5 14.f4 Nxd3 15.Qxd3 c5
16.Nf3 a5 17.Rf2 Ba6 18.Qc2 Rfd8 19.g4 Rac8 20.Rd1 Bb7 21.Qb3 Qc7 22.g5 hxg5
23.Nxg5 Qc6 24.Qc2 g6 25.h4 d4 26.e4 dxc3 27.bxc3 c4 28.h5 Rd3 29.Rxd3 cxd3
30.Qxd3 Qxc3 31.Qxc3 Rxc3 32.hxg6 fxg6 33.Rd2 Rg3+ 34.Kf2 Rxg5 35.fxg5 Bxe4
36.Rd6 Bd5 37.Rxb6 Bxa2 38.Ra6 Kf7 39.Rxa5 Bb1 40.Ra7+ Ke8 41.Ke3 Bf5 42.Kd4 Kf8
43.Kc5 Ke8 44.Kd6 Kf8 45.Re7  1-0